Statistics for 山形県の市町村 (2000年)

Click here to take the quiz!

General Stats

  • This quiz has been taken 26 times
    (12 since last reset)
  • The average score is 36 of 44

Answers on the Map

Answers color-coded by a green-red scale on the quiz's map according to % correct below.
 

Answer Stats

ヒント市町村名% Correct
山形市やまがたし
100%
長井市ながいし
100%
米沢市よねざわし
100%
東置賜郡高畠町たかはたまち
100%
最上郡真室川町まむろがわまち
100%
東根市ひがしねし
100%
東田川郡余目町あまるめまち
100%
天童市てんどうし
100%
村山市むらやまし
100%
上山市かみのやまし
100%
寒河江市さがえし
100%
新庄市しんじょうし
100%
酒田市さかたし
100%
鶴岡市つるおかし
100%
北村山郡大石田町おおいしだまち
100%
西置賜郡小国町おぐにまち
89%
最上郡最上町もがみまち
89%
西置賜郡飯豊町いいでまち
89%
飽海郡遊佐町ゆざまち
89%
西村山郡朝日町あさひまち
89%
東田川郡朝日村あさひむら
89%
南陽市なんようし
89%
尾花沢市おばなざわし
89%
東田川郡三川町みかわまち
78%
西田川郡温海町あつみまち
78%
東置賜郡川西町かわにしまち
78%
最上郡舟形町ふながたまち
78%
飽海郡平田町ひらたまち
78%
西村山郡西川町にしかわまち
78%
最上郡大蔵村おおくらむら
78%
最上郡金山町かねやままち
78%
東村山郡山辺町やまのべまち
78%
西村山郡大江町おおえまち
78%
最上郡鮭川村さけがわむら
78%
飽海郡松山町まつやままち
67%
東村山郡中山町なかやままち
67%
西村山郡河北町かほくちょう
67%
最上郡戸沢村とざわむら
67%
東田川郡櫛引町くしびきまち
67%
西置賜郡白鷹町しらたかまち
67%
東田川郡羽黒町はぐろまち
67%
東田川郡藤島町ふじしままち
56%
東田川郡立川町たちかわまち
33%
飽海郡八幡町やわたまち
22%

Score Distribution

Percentile by Number Answered

Percent of People with Each Score

Your Score History

You have not taken this quiz since the last reset